| 000 | 01147nam a2200241Ia 4500 | ||
|---|---|---|---|
| 003 | OSt | ||
| 005 | 20210504115059.0 | ||
| 008 | 210310s1953 sp gr 000 0 spa d | ||
| 040 |
_aCO-JMCR _cCO-JMCR |
||
| 041 | 0 | _aspa | |
| 082 | 1 | 4 |
_a330.9 / _bB257d _223 |
| 100 | 1 |
_aBernacer, German, _eautor _925995 |
|
| 245 | 1 | 3 |
_aLa doctrina del gran espacio económico / _cGerman Bernacer |
| 260 |
_aMadrid, España : _bAguilar, _c1953. |
||
| 300 |
_axxxvii, 192 páginas ; _c18 cm. |
||
| 490 | 0 |
_aBiblioteca de Ciencias Sociales: _aSección primera: economía |
|
| 500 | _aIncluye datos biográficos del autor. | ||
| 504 | _aBibliografía :páginas ix-xi. | ||
| 505 | 0 | _aLas dificultades de la primera posguerra y las ideas de Coudenhove Kalergi. -- La crisis de 1929 y la propuestas de Briand. -- La teoría de los costes comparativos. -- Autosuficiencia. -- Complementaridad -- Regionalismo. -- Dirigismo. -- La política comercial del gran espacio económico. -- Política monetaria. -- Objetivos del gran problema. | |
| 650 | 1 | 4 |
_aPolítica monetaria. _xPosguerra. _937405 |
| 650 | 1 | 4 |
_aPolítica comercial _xPosguerra. _937406 |
| 942 |
_2ddc _cBK |
||
| 999 |
_c11619 _d11619 |
||